| 000 | 01256cam a2200265a 44500 | ||
|---|---|---|---|
| 003 | OSt | ||
| 005 | 20150408114006.0 | ||
| 008 | 030315s1961 ua g 00000 ara dd | ||
| 020 | _a995334275X | ||
| 040 |
_amu _bara _cmb |
||
| 041 | _aعربي | ||
| 072 |
_a045 _xاللغة العربية |
||
| 082 | 0 | 4 | _a415.3 |
| 092 |
_a415.3 _bا ك ا |
||
| 100 | 1 |
_aالأنباري، عبد الرحمن بن محمد بن عبيد الله، _d513-577 هـ. _91138 |
|
| 245 | 1 | 2 |
_aالإنصاف في مسائل الخلاف بين النحويين البصريين والكوفيين / _cتأليف كمال الدين أبي البركات عبد الرحمن بن محمد الأنباري. معه، كتاب الانتصاف من الإنصاف / تأليف محمد محيي الدين عبد الحميد. |
| 250 | _aط. 2. | ||
| 260 |
_aالقاهرة _bالمكتبة العصرية _c2007 |
||
| 300 |
_a2 [ في 1مج. ؛ _c25 سم. |
||
| 650 |
_aاللغة العربية _xالنحو _2aucsh. 7 _99416 |
||
| 650 |
_aاللغويون العرب _vتراجم _2aucsh.12 _932 |
||
| 700 |
_aعبد الحميد، محمد محي الدين _tالانتصاف من الإنصاف.22 _91139 |
||
| 740 | _aالانتصاف من الإنصاف.\\ | ||
| 942 |
_2ddc _cBOOK |
||
| 999 |
_c20668 _d255168 |
||